Constellations - Sudden Death - Statistics

General Stats
  • This quiz has been taken 259 times
    120 since last reset
  • The average score is 7 of 24
Answers on the Grid
Answers color-coded by a green-red scale on the quiz's grid according to % correct below.
Andromeda
Apis
Apollo
Aquarius
Ara
Arcturus
Argo Navis
Aurelian
Auriga
Big Dipper
Camelopardalis
Capricornus
Chamaeleon
Circe
Corona Borealis
Crater
Equuleus
Eridanus
Fomalhaut
Ganymede
Gaudium
Haumea
Hercules
Hydrus
Lacaille
Laniakea
Leo Minor
Lepus
Medusa
Messier
Microscopium
Octans
Ophiuchius
Orion's Belt
Pisces
Polaris
Pollux
Pyxis
Sculptor
Solar Plexus
Triangulum
Tucana
Vega
Virgo
 
Answer Stats
Answer % Correct
Andromeda
81%
Aquarius
58%
Ara
41%
Auriga
37%
Virgo
37%
Chamaeleon
32%
Capricornus
29%
Pisces
29%
Triangulum
29%
Equuleus
27%
Eridanus
25%
Hydrus
25%
Leo Minor
25%
Tucana
25%
Ophiuchius
24%
Pyxis
24%
Camelopardalis
22%
Hercules
20%
Sculptor
20%
Corona Borealis
19%
Lepus
19%
Microscopium
19%
Octans
19%
Crater
17%
No matching quizzes found
Score Distribution
Percent of People with Each Score
Percentile by Number Answered
Your Score History
You have not taken this quiz since the last reset